000 00893nam a2200241 i 4500
001 125351
003 ES-MaACL
005 20251230131849.0
007 t|
008 070605s1928 sp ||||1| spa d
100 1 _aVerdes Montenegro y Montoro, José,
_d1865-1939
_9114027
245 1 0 _aDeberes éticos y cívicos y rudimentos de derecho /
_cpor José Verdes Montenegro y Montoro.
250 _a2ª ed. muy corregida.
260 _aMadrid :
_bHernando,
_c1928.
300 _a215 p. ;
_c21 cm.
505 8 _aContiene: Primera parte: La ética y sus fundamentos ; Segunda parte: Los deberes morales
530 _aDisponible en formato digital.
650 7 _aÉtica social
_2embne
_912593
852 4 _aES-MaACL
_jF-13930
_cSPD2
856 4 _uhttp://bdh-rd.bne.es/viewer.vm?id=0000252730&page=1
_y(Biblioteca Digital Hispánica)
942 _2udc
999 _c125351
_d125351